[Event "18th Prague Open-A 2019"]
[Site "Prague"]
[Date "2019.01.11"]
[Round "1"]
[White "Pechac, Jergus"]
[Black "Leskiewicz, Ignacy"]
[Result "1-0"]
[WhiteElo "2472"]
[BlackElo "2077"]
[Annotator "TA"]
[PlyCount "143"]
[EventDate "2019.01.11"]
[EventType "swiss"]
[EventCountry "CZE"]
[SourceTitle "playchess.com"]
[Source "ChessBase"]
[SourceQuality "1"]

{[%evp 11,143,34,34,34,35,29,34,36,50,28,45,30,61,54,49,39,39,39,40,10,20,10,18,25,21,0,0,-2,64,16,70,47,84,45,43,41,16,14,9,2,0,0,0,11,55,0,0,0,0,0,0,-37,-39,-35,-14,-20,-20,-14,42,43,33,34,36,42,99,99,100,100,104,0,238,238,238,238,238,174,238,237,254,254,254,231,231,231,231,231,231,231,278,214,877,514,1405,214,214,214,214,214,214,214,214,214,214,214,214,214,214,214,214,214,1323,1090,1131,994,29980,29981,29985,29986,29986,29987,29987,29980,29987,29988,29990,29991,29991,29992,29992,29993,29993,29994,29994,29995]} 1. d4 Nf6 2. c4 g6 3. Nc3 Bg7 4. e4 d6 5. h3 c5 6. dxc5 {E71: King's Indian: 4 e4 d6 5 h3} (6. d5 O-O 7. Nf3 e6 8. Bd3 Nbd7 9. O-O e5 10. Re1 Ne8 11. Bg5 f6 12. Bh4 Qe7 13. g4 Bh6 14. Kh1 Bf4 15. Bg3 g5 16. Kg2 Rf7 17. Nd2 h5 18. gxh5 {0-1 (60) Harika,D (2513)-Akopian,V (2648) Doha 2015}) 6... Qa5 {LiveBook: 3 Games. With the idea ...Nxe4.} 7. Bd2 Qxc5 8. Nf3 {White is slightly better.} O-O 9. Be2 Nbd7 10. O-O Qc7 11. Rc1 $146 ({Predecessor:} 11. Qc2 b6 12. Rac1 Bb7 13. b4 e6 14. Bf4 a6 {0-1 (73) Kljuka,S-Burlai,O (2405) Alushta 1999}) 11... Nc5 12. Qc2 $1 a5 13. b3 b6 14. Rfe1 Qb7 {[%cal Rf6e4]} 15. Bf1 Bd7 16. Bg5 Rfe8 17. Rcd1 Ne6 18. Bc1 Bc6 19. Nd5 Nc7 ({Better is} 19... Rac8 $11) 20. Bg5 a4 (20... Ne6 $11) 21. b4 Bxd5 22. exd5 b5 23. Bxf6 Bxf6 24. c5 dxc5 25. bxc5 b4 26. Bc4 {Black must now prevent d6.} Nb5 $1 27. c6 Qb6 28. Bxb5 (28. Ne5 $1 $14 Bxe5 29. Rxe5) 28... Qxb5 $11 29. Qe4 b3 30. axb3 axb3 31. Ne5 b2 32. Rb1 Ra4 33. Qd3 $1 {[%cal Rd3b5]} Qxd3 34. Nxd3 Rd4 (34... Rb8 $11) 35. Nxb2 $14 {Strongly threatening Rec1.} Rxd5 36. Na4 {c7 is the strong threat.} Ra5 $1 {[%cal Ra5a4]} 37. Nb6 $36 {[%mdl 2048] White has good play.} Rc5 (37... Bd4 $1 $14) 38. Rec1 $16 Rxc1+ 39. Rxc1 {[%mdl 4096] Endgame KRB-KRN} Bd4 40. Nd5 (40. c7 $16 Bxb6 41. c8=Q Rxc8 42. Rxc8+ Kg7 43. Kf1) 40... e6 $2 (40... Kf8 $1 $11) 41. c7 $18 exd5 42. c8=Q Rxc8 43. Rxc8+ {KR-KB} Kg7 44. Rd8 Kf6 45. Rxd5 Be5 46. g3 Ke6 47. Rb5 h5 48. h4 Bd4 49. Kg2 Kd6 50. f4 Bc5 $2 (50... Ke7 51. Kf3 Kf6) 51. Kf3 Kd5 (51... Bd4 $142 52. f5 Ke7) 52. Rb7 $2 (52. f5 Kc4 {[#]} 53. Rxc5+ $1 {[%mdl 512]} Kxc5 54. fxg6 fxg6 55. Kf4) 52... Ke6 53. Ke4 Bf2 54. Rb3 Kf6 55. Ra3 Be1 56. Ra6+ Kg7 57. Kf3 Bb4 58. Ra4 Bc5 59. Ra2 Kf6 60. Ke4 Ke6 $2 (60... Bb4 61. Ra6+ Kg7) 61. Ra6+ Ke7 62. f5 {[%cal Bf4f5,Bf5f6][%mdl 32]} Bd6 63. Kd5 {White mates.} Bxg3 64. f6+ Kd7 65. Ra7+ Bc7 66. Kc5 g5 67. hxg5 h4 {[#]} 68. g6 $1 fxg6 69. f7 Ke7 70. Rxc7+ Kf8 71. Kd5 h3 72. Ke6 {Accuracy: White = 63%, Black = 46%.} 1-0

[Event "18th Prague Open-A 2019"]
[Site "Prague"]
[Date "2019.01.11"]
[Round "1"]
[White "Xiang, Zeyu"]
[Black "Gurack, Daniel"]
[Result "1-0"]
[WhiteElo "2440"]
[BlackElo "2068"]
[Annotator "TA"]
[PlyCount "91"]
[EventDate "2019.01.11"]
[EventType "swiss"]
[EventCountry "CZE"]
[SourceTitle "playchess.com"]
[Source "ChessBase"]
[SourceQuality "1"]

{[%evp 20,91,18,20,60,45,86,61,63,50,87,53,114,92,96,57,91,64,100,52,77,77,111,113,125,116,131,109,102,93,95,93,108,69,247,252,359,291,613,211,222,227,244,164,160,120,240,235,234,239,232,237,235,232,233,217,268,274,360,322,323,300,412,408,534,515,514,497,585,582,575,569,539,534]} 1. d4 e6 2. c4 Nf6 3. Nf3 d5 4. g3 Bb4+ 5. Bd2 Be7 6. Bg2 O-O 7. O-O c6 8. Qc2 Nbd7 9. Rd1 Ne4 10. Bf4 {E11: Bogo-Indian} f5 (10... g5 11. Bc1 f5 12. Nc3 Bf6 13. e3 Rf7 14. b3 b6 15. Bb2 Bb7 16. Rac1 Qe8 17. Ne2 Rc8 {½-½ (53) Caruana,F (2802)-Nakamura,H (2786) chess.com INT 2017}) 11. Nc3 {LiveBook: 4 Games} Ndf6 12. Ne5 {White is slightly better.} Nxc3 13. Qxc3 Ne4 14. Qc2 Bf6 $146 ({Predecessor:} 14... Bg5 15. Bxe4 Bxf4 16. Bxf5 Rxf5 17. gxf4 Rxf4 {1-0 (61) Nielsen,P (2655)-Izsak,G (2443) Germany 2015}) 15. Rac1 Bg5 ({Black should try} 15... g5 $14) 16. Bxg5 Nxg5 17. b4 a6 18. a4 Bd7 19. Rd3 Qe7 20. cxd5 exd5 21. b5 axb5 22. axb5 Rac8 23. Qc5 Qe6 24. Ra1 Ne4 25. Qb6 Nd6 26. Re3 f4 $2 {[#]} (26... cxb5 $14 27. Nxd7 Qxd7) 27. gxf4 $18 Nf5 (27... Nxb5 $142 28. Bh3 Qxh3) 28. Bh3 Ra8 $2 (28... cxb5 29. Qxb7 Bc6) 29. Rf1 $2 (29. Rxa8 Rxa8 30. Bxf5 Qxf5 31. Qxb7 {[%mdl 64] Double Attack}) 29... Qh6 30. Rf3 Be6 31. bxc6 bxc6 32. Nxc6 {Strongly threatening Bxf5.} Rf6 (32... Kh8 $16) 33. Qb7 Raf8 {Black wants to play ...Bc8.} 34. Bxf5 $1 Bxf5 35. Ne7+ {[%mdl 64] [#] Discovered Attack} Kh8 36. Nxf5 ({But not} 36. Qxd5 $6 Bg4 $16) ({Inferior is} 36. Nxd5 Be4 $15) 36... Rxf5 37. e3 Rh5 38. Rg3 Rg8 39. Rg2 Qe6 40. Ra1 g5 41. Ra8 h6 42. Rxg8+ {White is clearly winning.} Kxg8 43. fxg5 hxg5 44. h4 g4 45. Qb8+ Kh7 46. Qg3 {Accuracy: White = 46%, Black = 25%.} 1-0

[Event "18th Prague Open-A 2019"]
[Site "Prague"]
[Date "2019.01.11"]
[Round "1"]
[White "Neuman, Petr"]
[Black "Kristiansen, Willy M"]
[Result "1/2-1/2"]
[WhiteElo "2428"]
[BlackElo "2060"]
[Annotator "TA"]
[PlyCount "62"]
[EventDate "2019.01.11"]
[EventType "swiss"]
[EventCountry "CZE"]
[SourceTitle "playchess.com"]
[Source "ChessBase"]
[SourceQuality "1"]

{[%evp 19,62,0,0,-28,-25,-45,-39,-47,-50,-108,-112,-108,-58,-97,-76,-68,-45,-61,-54,-77,-33,-22,-16,-17,-47,-41,-18,-20,-25,-21,-8,-98,-104,-150,-29,-38,-22,-31,0,0,0,-29,0,0,0]} 1. d4 d5 2. c4 e6 3. Nc3 Be7 4. Nf3 Nf6 5. Bf4 O-O 6. e3 Nbd7 7. Qc2 c5 {[%cal Bc7c5,Bc5c4][%mdl 32]} 8. cxd5 {D37: Queen's Gambit Declined: 5 Bf4} Nxd5 9. Nxd5 exd5 10. Bd3 Qa5+ {LiveBook: 16 Games} 11. Qd2 $146 ({Predecessor:} 11. Qc3 Qb6 12. a3 cxd4 13. Qxd4 Nc5 14. Bc2 Qb5 15. Be5 f6 {1-0 (40) Svidler,P (2749)-Adams,M (2736) Geneva 2017}) 11... Qxd2+ 12. Kxd2 c4 13. Bc2 b5 14. e4 (14. g4 $15) 14... Bb7 $17 15. e5 Rfe8 16. Bg5 Bb4+ 17. Kd1 h6 18. Bd2 Be7 19. Ne1 f6 20. Bg6 fxe5 {[#] White must now prevent ...Rf8.} 21. Bxe8 Rxe8 22. Nc2 Bf6 {[%mdl 1024] Black has compensation.} 23. Re1 Rc8 24. Be3 a5 25. Kd2 (25. dxe5 $11 {remains equal.} Nxe5 26. Bd4) 25... b4 26. Rac1 exd4 (26... Ba6 $17 {Hoping for ...c3+.} 27. Kd1 Bb5 28. dxe5 Nxe5) 27. Bxd4 $11 Bg5+ 28. Be3 $1 {[%cal Re3g5]} Bf6 29. Bd4 $1 Bg5+ 30. Be3 $1 {[%cal Re3g5]} Bf6 31. Bd4 $1 Bg5+ {Accuracy: White = 46%, Black = 55%.} 1/2-1/2

[Event "18th Prague Open-A 2019"]
[Site "Prague"]
[Date "2019.01.11"]
[Round "1"]
[White "Liu, Guanchu"]
[Black "Shintre Neel"]
[Result "1-0"]
[WhiteElo "2425"]
[BlackElo "2053"]
[Annotator "TA"]
[PlyCount "87"]
[EventDate "2019.01.11"]
[EventType "swiss"]
[EventCountry "CZE"]
[SourceTitle "playchess.com"]
[Source "ChessBase"]
[SourceQuality "1"]

{[%evp 14,86,9,0,16,21,30,22,35,11,25,0,293,275,276,166,160,170,169,156,160,176,202,52,187,183,179,178,171,179,187,176,182,187,183,183,200,179,347,345,345,302,304,265,258,277,298,288,500,422,418,393,575,559,539,552,542,450,639,647,6523,6511,29987,29988,29992,29993,29993,29994,29994,29995,29997,29997,29998,29999,29999]} 1. e4 {[%cal Be2e4,Be4e5][%mdl 32]} e5 2. Nf3 Nc6 3. c3 Nf6 4. d4 exd4 5. e5 Nd5 6. Qb3 Nb6 7. cxd4 d6 {C44: Ponziani Opening and Scotch Gambit} (7... d5 8. Bb5 Bd7 9. O-O a6 10. Bg5 Be7 11. Bxc6 Bxc6 12. Bxe7 Qxe7 13. Nbd2 O-O 14. Qc2 a5 15. a4 Nd7 {½-½ (40) Liu,G (2445)-Xu,J (2493) Hangzhou 2018}) 8. Bb5 $1 {LiveBook: 7 Games} Bd7 9. O-O dxe5 {The position is equal.} 10. dxe5 Be7 11. Rd1 Qc8 12. Bg5 $146 {[%mdl 128] Strongly threatening Bxe7. White has some attack.} ({Predecessor:} 12. Nc3 O-O 13. Be3 Be6 14. Qc2 Nb4 15. Qc1 {1-0 (58) Perlitz,S (2085)-Sanati,C (1607) Frankfurt 2012}) 12... Na5 $2 {[%mdl 8192]} (12... a6 $11 {and Black has nothing to worry.} 13. Bxe7 axb5) 13. Bxd7+ $18 Nxd7 14. Qa4 Nc6 15. Bxe7 Nb6 16. Qa3 Nxe7 {[#]} 17. Nc3 $1 Nc6 {[#]} 18. Ne4 ({White should play} 18. Rac1 $1 $18) 18... Qe6 ({Better is} 18... Qf5 $1 $14 19. Ng3 Qg4) 19. Nc5 Qe7 20. Qc3 Nd8 21. Nxb7 $1 O-O 22. Nc5 Rb8 23. b3 Ne6 24. Rac1 Nf4 {...Ne2+ is the strong threat.} 25. Qd2 Nfd5 $2 (25... Rbd8 26. Qxf4 Rxd1+ 27. Rxd1 Qxc5) 26. Nd4 {[%cal Bf3d4,Bd4c6,Bc6e7][%mdl 32]} Qh4 27. Nc6 Rbe8 28. Nd7 Nxd7 29. Qxd5 Nb6 30. Qc5 f6 $2 (30... Qg4 31. h3 Qe6) 31. Ne7+ Kh8 32. e6 Qg5 (32... Nc8 $142 33. Nxc8 Rxc8) 33. Qxg5 fxg5 34. Rxc7 Rf6 35. Re1 Rd8 (35... a5 $142 36. f3 h6) 36. f3 Rd2 {[#]} 37. Ng6+ $1 {[%mdl 512]} hxg6 (37... Rxg6 38. e7) 38. e7 {White mates.} Re6 39. Rxe6 Rd1+ 40. Kf2 Rd2+ 41. Ke1 Rd8 42. exd8=Q+ Kh7 43. Re8 {[%csl Gd8][%cal Re8h8]} Nc8 44. Rh8# {Precision: White = 70%, Black = 34%.} 1-0

[Event "18th Prague Open-A 2019"]
[Site "Prague"]
[Date "2019.01.11"]
[Round "1"]
[White "Naumkin, Igor"]
[Black "Chyzy, Jakub"]
[Result "1-0"]
[WhiteElo "2418"]
[BlackElo "2045"]
[Annotator "TA"]
[PlyCount "47"]
[EventDate "2019.01.11"]
[EventType "swiss"]
[EventCountry "CZE"]
[SourceTitle "playchess.com"]
[Source "ChessBase"]
[SourceQuality "1"]

{[%evp 24,47,18,18,42,37,15,12,19,14,29,31,12,20,41,0,5,-24,0,0,251,276,489,497,677,660]} 1. d4 d5 2. c4 e6 3. Nf3 Nf6 4. Nc3 Nbd7 5. Bg5 c6 6. e3 Qa5 7. cxd5 Nxd5 8. Qd2 N7b6 9. Bd3 {[%cal Bf1d3,Bd3c2,Bc2b3][%mdl 32]} Nxc3 10. bxc3 Na4 11. O-O {D52: Queen's Gambit Declined: Cambridge Springs Variation} Qxc3 12. Qe2 Qb2 13. Bc2 {LiveBook: 19 Games. The position is equal.} Nc3 (13... Qb5 14. Bd3 {½-½ (16) Woellermann,J (2384)-Jirovsky,M (2443) Germany 2018}) 14. Qd3 {[%mdl 1024] White has compensation.} Nd5 15. Bb3 h6 16. Bh4 Qc3 17. Qe2 Bd6 $146 ({Predecessor:} 17... Ba3 18. Ne5 a5 {1-0 (39) Williams,A-Vaughan,D England 1980}) 18. Nd2 {Threatens to win with Ne4.} Qb4 19. Rac1 O-O 20. Ne4 {And now Rc4 would win.} Bb8 21. f4 a5 $2 {[%mdl 8192] [#]} (21... Qb5 $11 {and Black has nothing to worry.} 22. Qxb5 cxb5) 22. Rb1 $1 $18 Nc3 $2 (22... Qa3) 23. Nxc3 Qxc3 24. Be1 {[%mdl 64] Trapped Piece. Accuracy: White = 78%, Black = 35%.} 1-0

[Event "18th Prague Open-A 2019"]
[Site "Prague"]
[Date "2019.01.11"]
[Round "1"]
[White "Kacharava, Nikolozi"]
[Black "Koridze, Lile"]
[Result "1-0"]
[WhiteElo "2397"]
[BlackElo "2034"]
[Annotator "TA"]
[PlyCount "53"]
[EventDate "2019.01.11"]
[EventType "swiss"]
[EventCountry "CZE"]
[SourceTitle "playchess.com"]
[Source "ChessBase"]
[SourceQuality "1"]

{[%evp 18,53,45,31,81,82,93,81,81,56,144,130,182,189,238,176,179,181,306,311,381,382,418,427,413,385,434,441,441,383,613,631,644,636,647,638,592,572]} 1. e4 c5 2. Nf3 g6 3. c3 Bg7 4. d4 cxd4 5. cxd4 d5 6. e5 Nh6 7. Nc3 Nc6 8. Bb5 O-O 9. h3 f6 10. O-O {LiveBook: 25 Games} Be6 {[%cal Rf6e5] B22: Sicilian: 2 c3} (10... Nf7 11. exf6 exf6 12. Re1 g5 13. b3 Qa5 14. Bd2 g4 15. hxg4 Bxg4 16. Be2 Rad8 17. Nh4 Bxe2 18. Nxe2 Qc7 19. Nf4 Ng5 20. Nf5 Qd7 21. Qg4 Nxd4 22. Ne7+ Kh8 23. Qh5 {1-0 (23) Stefansson,H (2530)-Manik,M (2407) Pardubice 2017}) 11. Re1 Qc8 $146 ({Predecessor:} 11... fxe5 12. Bxc6 bxc6 13. Nxe5 Qd6 14. Na4 Nf7 15. Bf4 Nxe5 16. Bxe5 Bxe5 17. Rxe5 Rf5 18. Qe1 Rxe5 19. dxe5 {1-0 (36) Cabrilo,G (2419)-Svicevic,R (2300) Belgrade 2014}) 12. Bf4 fxe5 {White is better.} 13. Bxc6 Qxc6 ({Black should play} 13... bxc6 $14 14. Bxh6 (14. Bxe5 Bxh3 15. gxh3 Qxh3 $11) 14... Bxh6) 14. Bxe5 $16 Rae8 (14... Bxe5 $16 15. Rxe5 (15. Nxe5 Qd6 $16) 15... Rf6) 15. Qe2 $18 {[#] Bxg7 is the strong threat.} Bf7 16. Bxg7 Kxg7 17. Ne5 Qd6 (17... Qe6 $142 18. Nb5 Rb8 19. Nxa7 Be8) 18. Nb5 $1 {[%csl LRa7,LRd6]} Qd8 19. Rac1 Nf5 20. Nxf7 Rxf7 21. Nc7 Kg8 22. Nxe8 Qxe8 23. Qe5 Qd8 $2 {[#]} (23... e6 24. Qxd5 exd5 25. Rxe8+ Kg7) 24. Rc7 {White is clearly winning.} Nxd4 {and the idea ...Nc6 leaves Black hopeful.} 25. Rxe7 Rxe7 26. Qxe7 Qxe7 27. Rxe7 {Accuracy: White = 90%, Black = 19%.} 1-0

[Event "18th Prague Open-A 2019"]
[Site "Prague"]
[Date "2019.01.11"]
[Round "1"]
[White "Krivonosov, Oleg"]
[Black "Molkanov, Oleg"]
[Result "1-0"]
[WhiteElo "2390"]
[BlackElo "2034"]
[Annotator "TA"]
[PlyCount "157"]
[EventDate "2019.01.11"]
[EventType "swiss"]
[EventCountry "CZE"]
[SourceTitle "playchess.com"]
[Source "ChessBase"]
[SourceQuality "1"]

{[%evp 16,157,58,24,29,37,29,41,37,43,47,43,36,38,37,39,36,45,69,63,74,75,74,80,75,93,106,81,88,89,109,111,125,108,125,62,79,59,116,115,113,44,40,39,48,10,16,12,72,65,74,50,42,41,71,41,37,39,79,79,79,79,79,79,79,79,79,79,79,79,86,72,72,72,72,72,72,72,72,72,72,72,72,72,72,52,65,48,58,37,65,37,72,43,72,65,72,72,72,52,150,149,150,150,179,171,172,164,204,199,204,185,203,179,181,91,98,97,202,92,102,89,94,75,93,85,87,84,144,143,133,113,117,106,81,85,156,156,149,127,513,485,430,337]} 1. Nf3 f5 2. g3 Nf6 3. Bg2 g6 4. b3 Bg7 5. Bb2 d6 6. d4 O-O 7. O-O c6 8. c4 Qe8 9. d5 {LiveBook: 27 Games} cxd5 {A87: Dutch Defence: Leningrad System: 5 Nf3} (9... Na6 10. Nc3 Bd7 11. Qd2 Nc5 12. Nd4 Rc8 13. Rad1 Qf7 14. Qc1 Nce4 15. Nxe4 fxe4 16. dxc6 bxc6 17. Nc2 d5 18. f3 exf3 19. exf3 dxc4 20. bxc4 {1-0 (41) Santarius,E (2317)-Wallace,J (2399) Fagernes 2018}) 10. cxd5 Na6 11. Nc3 Bd7 {White is slightly better.} 12. Nd4 Nc7 $146 ({Predecessor:} 12... Rc8 13. Qd2 Nc5 14. Rac1 a5 15. e3 b6 16. f3 Bh6 17. Qe2 {0-1 (43) Yothinnorratham,T (1936)-Saeheng,B (2280) Bangkok 2016}) 13. Qd2 h6 14. Rac1 Rc8 15. e3 Qf7 16. Rfd1 Kh8 17. Ne6 Nxe6 18. dxe6 Bxe6 19. Bxb7 Rc7 20. Bg2 Rc5 21. Ne2 Ne4 22. Bxg7+ Kxg7 23. Qd4+ Kg8 24. Rxc5 dxc5 25. Qe5 ({White should try} 25. Qa4 $1 $16) 25... g5 26. Nc3 Nxc3 (26... Qf6 $14 27. Qxf6 Nxf6) 27. Qxc3 $16 Rc8 28. Qe5 (28. Qa5 $16) 28... Qf6 $14 29. Qxf6 exf6 {[%mdl 4096] Endgame KRB-KRB} 30. Rd6 Kf7 31. Ra6 Rc7 (31... c4 $1 $11 {remains equal.} 32. Rxa7+ Kg6 33. bxc4 Rxc4) 32. Bf1 $16 Bc8 33. Bc4+ Ke7 34. Ra5 Kd6 35. Kf1 Kc6 36. Bd3 Kb6 37. Rb5+ Kc6 {White must now prevent ...Ba6.} 38. Rb8 Kd5 39. Ke1 Ke5 40. f4+ Kd5 41. Kd2 Kc6 42. Kc3 Kd5 43. h4 Kd6 44. Bf1 Ke6 45. Be2 Kd6 46. Bb5 Ke7 47. Kc2 Kd6 48. Be2 Kd7 49. Bf3 Ke7 50. a3 Ke6 51. Kd2 Rd7+ 52. Ke1 Rc7 53. Be2 Kd5 54. Kf2 Ke6 55. Bd3 Kd5 56. Ke2 Kd6 57. Rb5 Kc6 (57... Ke7 $14) 58. b4 Kd6 59. Ra5 $1 Kd5 60. bxc5 Kc6 61. Bc2 gxh4 62. gxh4 Rg7 63. Kf2 a6 64. Ba4+ Kc7 65. c6 (65. Bd1 $18) 65... Rg4 66. Bd1 $1 {[%cal Rd1g4]} Rxh4 {[#]} (66... Rg8 $16 {was necessary.}) 67. Bf3 (67. Kg2 $1 $18 {and the rest is easy.}) 67... Rh2+ {[#]} 68. Bg2 $1 {Hoping for Kg3.} Rh4 69. Rc5 Kd6 70. Rc1 Rg4 71. c7 Rg8 (71... Rg6 $142) 72. Rc6+ Ke7 73. Rb6 Rf8 74. Bb7 Bxb7 75. Rxb7 Kd7 (75... Rc8 $142) 76. Ra7 Rc8 77. Rxa6 Kxc7 $2 {[%mdl 8192]} (77... Rxc7 $16 {is tougher.} 78. Rxf6 {[%mdl 64] Double Attack} Rc5) 78. Rxf6 $18 Ra8 79. Rxf5 {Accuracy: White = 55%, Black = 43%.} 1-0

[Event "18th Prague Open-A 2019"]
[Site "Prague"]
[Date "2019.01.11"]
[Round "1"]
[White "Low, Zhen Yu Cyrus"]
[Black "Koubova, Anna Marie"]
[Result "1-0"]
[WhiteElo "2385"]
[BlackElo "2021"]
[Annotator "TA"]
[PlyCount "77"]
[EventDate "2019.01.11"]
[EventType "swiss"]
[EventCountry "CZE"]
[SourceTitle "playchess.com"]
[Source "ChessBase"]
[SourceQuality "1"]

{[%evp 13,77,16,49,40,66,59,66,71,90,62,58,43,64,26,22,0,0,-24,71,12,74,0,0,1,69,41,102,28,62,25,75,79,212,209,228,218,295,302,354,193,191,170,391,380,388,333,344,351,472,220,687,604,621,599,618,582,575,571,955,948,899,902,866,826,937,933]} 1. e4 c5 2. Ne2 d6 3. g3 Nf6 4. Bg2 g6 5. c3 Bg7 6. d4 O-O 7. O-O Nc6 {LiveBook: 29 Games} 8. d5 {B06: Modern Defence} (8. h3 e5 9. Be3 cxd4 10. cxd4 exd4 11. Nxd4 Ne5 12. Nc3 Nc4 13. Bc1 Qb6 14. b3 Nxe4 15. Nxe4 Qxd4 16. Qxd4 Bxd4 17. Rb1 d5 18. Rd1 dxe4 19. Rxd4 Ne5 20. Bh6 Re8 21. Bxe4 Bf5 22. Kh1 Rad8 23. Ra4 b5 {0-1 (23) Karjakin,S (2723)-Carlsen,M (2801) Moscow 2009}) 8... Nb8 9. a4 {[%cal Ba2a4,Ba4a5][%mdl 32]} e5 $146 ({Predecessor:} 9... Na6 10. Na3 Bd7 11. Bf4 Qe8 12. Nc4 Nh5 13. Be3 Qc8 14. f3 f5 15. exf5 gxf5 {1-0 (41) Naiditsch,A (2684)-Belezky,A (2397) Germany 2016}) 10. Na3 {White is slightly better.} Nbd7 11. b4 Ne8 12. Be3 b6 13. a5 f5 14. Qd2 Ndf6 15. f3 Nh5 (15... fxe4 $11 {remains equal.} 16. fxe4 cxb4 17. cxb4 bxa5) 16. Rab1 (16. axb6 $16 {And now Nc4 would win.} f4 17. b7 (17. gxf4 exf4 18. Nxf4 Nxf4 $11) 17... Bxb7 18. Bf2) 16... Ba6 (16... fxe4 $11 17. fxe4 Rxf1+ 18. Rxf1 cxb4 19. cxb4 bxa5) 17. bxc5 (17. exf5 $16 {aiming for b5.} gxf5 18. Bg5) 17... bxc5 $11 18. c4 Nef6 (18... fxe4 $11 19. fxe4 Rxf1+ 20. Bxf1 Nhf6) 19. Bg5 Qd7 ({Black should try} 19... fxe4 $14 20. fxe4 Rb8) 20. Nb5 (20. Bh3 $16) 20... Rab8 21. Nec3 Ne8 22. Bh3 Nc7 (22... Bc8 $16) 23. Nxa7 $18 Bxc4 24. Nc6 Ra8 25. Rfc1 Nf6 26. Na4 (26. Bxf6 $142 Bxf6 27. Na4) 26... Bxd5 27. Bxf6 Bxc6 $2 (27... Qxc6 28. Bxg7 (28. exd5 Qxa4 29. Be7 Nb5 $11) 28... Kxg7) 28. Nb6 $1 {[%csl LRa8,LRd7][%mdl 64] [#] Double Attack} Qe6 29. Bxg7 ({Less strong is} 29. Nxa8 Nxa8 30. Bxg7 Kxg7 $18) 29... Kxg7 30. Nxa8 Rxa8 31. exf5 (31. Rb6 $142 Ra6 32. Bf1 Rxb6 33. axb6) 31... gxf5 $2 (31... Qd5 32. Qxd5 Nxd5) 32. Qg5+ {White is clearly winning.} Kh8 33. Bxf5 Qf7 {Strongly threatening ...Ne6.} 34. Rb6 Rg8 35. Qh6 Bxf3 {[#]} 36. Bxh7 $1 {[%mdl 576] Deflection} Qxh7 37. Qf6+ {[%mdl 64] Double Attack} Qg7 38. Qxf3 Rf8 39. Qh5+ {Accuracy: White = 48%, Black = 17%.} 1-0

[Event "18th Prague Open-A 2019"]
[Site "Prague"]
[Date "2019.01.11"]
[Round "1"]
[White "Gschnitzer, Oswald"]
[Black "Sedlacek, Tomas"]
[Result "1-0"]
[WhiteElo "2370"]
[BlackElo "2016"]
[Annotator "TA"]
[PlyCount "105"]
[EventDate "2019.01.11"]
[EventType "swiss"]
[EventCountry "CZE"]
[SourceTitle "playchess.com"]
[Source "ChessBase"]
[SourceQuality "1"]

{[%evp 15,105,21,21,21,21,18,36,36,40,33,64,27,35,31,33,0,37,47,49,33,33,27,33,33,28,17,21,17,28,26,25,18,21,16,52,50,56,27,153,157,160,158,153,136,250,252,233,233,229,245,302,273,323,311,312,302,300,141,186,0,273,0,141,141,141,141,212,198,426,441,447,447,447,432,415,353,363,374,620,618,603,575,1126,1082,1122,1066,1047,1064,1050,899,800,658]} 1. Nf3 Nc6 2. d4 d5 3. Bf4 {[%cal Bc1f4,Bf4g3,Bg3h4][%mdl 32]} Bg4 4. e3 e6 5. c4 Bd6 6. Bg3 Nf6 7. Nc3 O-O {D02: 1 d4 d5 2 Nf3 sidelines, including 2...Nf6 3 g3 and 2...Nf6 3 Bf4} 8. Bh4 (8. a3 Ne7 9. Qb3 b6 10. Ne5 c5 11. Nxg4 Nxg4 12. Rd1 Bxg3 13. hxg3 Nf6 14. cxd5 exd5 15. Be2 {½-½ (86) Kramnik,V (2791)-Carlsen,M (2802) London 2010}) 8... Be7 {LiveBook: 3 Games} 9. Be2 dxc4 {The position is equal.} 10. Bxc4 Bxf3 $146 ({Predecessor:} 10... Nd5 11. Bg3 Bd6 12. O-O Bxg3 13. hxg3 Nce7 14. Rc1 Rc8 15. Ne4 {1-0 (50) Ruck,R (2579)-Zakrzewski,M (2099) Warsaw 2011}) 11. Qxf3 e5 12. d5 e4 13. Nxe4 Ne5 {[%mdl 64] Double Attack} 14. Nxf6+ Bxf6 15. Qe4 Bxh4 ({But not} 15... Nxc4 16. Bxf6 Qxf6 17. Qxc4 $14) (15... Qe7 $5 {[%cal Re7b4]} 16. d6 Qxd6 $11) 16. Qxe5 Bf6 17. Qe4 Bxb2 18. Rb1 Bc3+ 19. Ke2 b6 20. h4 $40 {[%mdl 128] White mounts an attack.} f5 21. Qd3 Qf6 22. d6+ Kh8 23. dxc7 {aiming for Rhc1.} Be5 24. Rbc1 {Ba6 is the strong threat.} Bxc7 25. Bd5 $1 {[%cal Rd5a8]} Rac8 26. Rc6 Qb2+ (26... Bd6 $1 $11) 27. Rc2 $16 Qe5 28. f4 Qd6 29. Rhc1 Rcd8 (29... a6 $16 {keeps fighting.} 30. Rc6 Qd7) 30. Rxc7 $18 Qxd5 31. Qxd5 Rxd5 32. Rxa7 {[%mdl 4096] Endgame KRR-KRR} Rd6 33. Rcc7 Rg6 34. Kf3 h5 35. Rf7 Kg8 36. Rfb7 (36. Rxf8+ $1 $18 {and the rest is easy.} Kxf8 37. Ra8+ Kf7 38. Rh8) 36... Re8 37. Rf7 (37. a4 $142) 37... Rf8 38. Rfb7 ({White must play} 38. Rxf8+ $1 $18 Kxf8 39. Ra8+ Kf7 40. Rh8) 38... Re8 $16 39. Rd7 Rf8 40. Re7 Kh8 (40... Rc8 $16 {might work better.} 41. a4 Rc1 42. Re8+ Kh7) 41. a4 $18 Kh7 $2 (41... Kg8 42. Ra6 Kh7) 42. Rf7 Kg8 43. Rxf8+ $1 Kxf8 {[#] KR-KR} 44. Ra8+ $1 Kf7 {[#]} 45. Rh8 $1 Rc6 46. Rxh5 Kg6 $2 (46... Rc5 47. g4 fxg4+ 48. Kxg4 Rc4) 47. Rg5+ {White is clearly winning.} Kf6 48. h5 {[%cal Bh4h5,Bh5h6][%mdl 32] Rg6+ would kill now.} Rc4 49. Rg6+ Kf7 50. Rxb6 Rxa4 51. g4 fxg4+ 52. Kxg4 Ra1 53. h6 {Accuracy: White = 67%, Black = 44%.} 1-0